000 00914nas a2200265 4500
001 BR2016001931
003 BR-BrBNA
005 20231205130322.0
007 ta
008 230509b bl.|||p| |||| 00| 00por d
040 _aBR-BrBNA
_bpor
_cBiblioteca Nacional de Agricultura
041 _a(En)
072 _aL72; M12
100 1 _aAlcântara, N.M.
100 1 _aTavares-Dias, M.
245 1 _aStructure of the parasites communities in two Erythrinidae fish from Amazon river system (Brazil)
650 _aPEIXE DE AGUA DOCE
650 _aTRAIRA
650 _aPARASITO DE ANIMAL
650 _aPARASITOLOGIA
773 0 _tBrazilian Journal of Veterinary Parasitology (Brazil)
_xISSN 1984-2961
_g(Apr-Jun 2015), v. 24(2) p. 183-190
_wBR2016001931
856 4 0 _uhttp://www.scielo.br/pdf/rbpv/v24n2/1984-2961-rbpv-S1984-29612015039.pdf
909 _a202311
_bLúcia
_c55
_dLúcia Elande
942 _2AGRIS
_n0
_cANA
999 _c248825
_d248825